000 00330nam a22001337a 4500
008 181031b xxu||||| |||| 00| 0 eng d
020 _a9780721644448
041 _aeng
080 _a615.83
100 _a8
101 _aEKZ
245 _aAssesment In Occupational Therapy And Physical Therapy
_cBrunt.D
942 _2udc
_cBK
999 _c51282
_d51282